[Event "VII Open A"]
[Site "Genova ITA"]
[Date "2003.08.04"]
[Round "3"]
[White "Ibrahim, Ismail"]
[Black "Mollero, Michele"]
[Result "1-0"]
[WhiteElo "2200"]
[BlackElo "2179"]
[PlyCount "51"]
[EventDate "2003.08.02"]

1. e4 g6 2. d4 Bg7 3. Nc3 d6 4. g3 c6 5. Bg2 Nd7 6. Nge2 e5 7. Be3 Ne7 8. dxe5
dxe5 9. Qd6 Nf8 10. Qxd8+ Kxd8 11. Rd1+ Bd7 12. f4 Ne6 13. fxe5 Bxe5 14. O-O
Ke8 15. Rd2 b6 16. Rfd1 Rd8 17. Bh3 Bc7 18. Nf4 Nc8 19. e5 Ne7 20. Ne4 Bxe5 21.
Nxe6 fxe6 22. Bg5 Rf8 23. Bxe6 Nd5 24. Bxd5 cxd5 25. Bxd8 dxe4 26. Rxd7 1-0

[Event "VII Open A"]
[Site "Genova ITA"]
[Date "2003.08.04"]
[Round "3"]
[White "Jones, Gawain C.B."]
[Black "Godena, Michele"]
[Result "0-1"]
[WhiteElo "2347"]
[BlackElo "2517"]
[PlyCount "84"]
[EventDate "2003.08.02"]

1. e4 e5 2. Nf3 Nc6 3. Nc3 Nf6 4. Bb5 Bd6 5. O-O O-O 6. Re1 Re8 7. d3 h6 8. h3
a6 9. Bxc6 dxc6 10. d4 exd4 11. Qxd4 Qe7 12. e5 Bc5 13. Qd3 Nh7 14. Be3 Be6 15.
Ne4 Bxe3 16. Qxe3 Rad8 17. b3 Nf8 18. Nc5 Bc8 19. Rad1 Rxd1 20. Rxd1 Ng6 21.
Re1 b6 22. Nd3 Bf5 23. Qd4 c5 24. Qc4 a5 25. a4 Qd7 26. Re3 Be6 27. Qc3 c4 28.
Nb2 cxb3 29. Rd3 Nf4 30. Rxd7 Ne2+ 31. Kh2 Nxc3 32. Rxc7 Nd5 33. Rc4 Nb4 34.
cxb3 Bxc4 35. Nxc4 Nd3 36. Kg3 Nc5 37. Nfd2 Rd8 38. Kf3 Nxb3 39. Ne4 Rd3+ 40.
Ke2 Nc1+ 41. Ke1 Rd4 42. Ned6 Nd3+ 0-1

[Event "VII Open A"]
[Site "Genova ITA"]
[Date "2003.08.04"]
[Round "3"]
[White "Leburgue, Sylvain"]
[Black "Roversi, Stefano"]
[Result "1-0"]
[WhiteElo "2087"]
[BlackElo "2008"]
[PlyCount "89"]
[EventDate "2003.08.02"]

1. e4 c5 2. Nf3 Nc6 3. Nc3 e6 4. d4 cxd4 5. Nxd4 a6 6. Nxc6 bxc6 7. Bd3 g6 8.
O-O Bg7 9. Be3 Ne7 10. Qd2 d5 11. Bh6 O-O 12. Bxg7 Kxg7 13. Ne2 c5 14. Qc3+ Kg8
15. Qxc5 dxe4 16. Bxe4 Rb8 17. Rfd1 Qe8 18. b3 Rb5 19. Qd6 f5 20. c4 Ra5 21.
Qc7 Ra3 22. Bc2 Nc6 23. Nc3 Rf7 24. Qf4 e5 25. Qc1 Qf8 26. Nd5 Nd4 27. Rxd4
exd4 28. b4 d3 29. Qxa3 dxc2 30. Qc3 Qg7 31. Qxg7+ Kxg7 32. Rc1 Bb7 33. Rxc2 f4
34. f3 Bxd5 35. cxd5 Kf6 36. Rc6+ Ke5 37. d6 Rb7 38. a3 a5 39. Rc7 Rb6 40. d7
Rd6 41. bxa5 Kd4 42. a6 Ke3 43. h3 Rd1+ 44. Kh2 Kf2 45. a7 1-0

[Event "VII Open A"]
[Site "Genova ITA"]
[Date "2003.08.04"]
[Round "3"]
[White "Milov, Vadim"]
[Black "Guido, Flavio"]
[Result "1/2-1/2"]
[WhiteElo "2595"]
[BlackElo "2332"]
[PlyCount "94"]
[EventDate "2003.08.02"]

1. d4 Nf6 2. c4 e6 3. Nc3 Bb4 4. e3 O-O 5. Bd3 d5 6. a3 Bxc3+ 7. bxc3 dxc4 8.
Bxc4 c5 9. Bd3 Qc7 10. Bb2 Nc6 11. e4 Qa5 12. Qd2 Rd8 13. Ne2 b6 14. f3 Ba6 15.
Bxa6 Qxa6 16. O-O Rac8 17. Rad1 h6 18. Ng3 Qa4 19. Qf2 cxd4 20. cxd4 Na5 21.
Rc1 Rxc1 22. Rxc1 Nc4 23. Ba1 Qxa3 24. Re1 Ne8 25. Nh5 b5 26. Qg3 Qd6 27. f4
Qa3 28. Qh4 Rc8 29. d5 Ncd6 30. dxe6 Rc1 31. exf7+ Kxf7 32. Bd4 Rxe1+ 33. Qxe1
Qd3 34. Qa1 Qxe4 35. h3 Nf5 36. Be5 Kg6 37. Qa2 Kxh5 38. Qf7+ g6 39. Kh2 Qe1
40. Qxe8 Qg3+ 41. Kg1 Ne3 42. Qc6 b4 43. Bd4 Qe1+ 44. Kh2 Nf1+ 45. Kg1 Ng3+ 46.
Kh2 Nf1+ 47. Kg1 Ng3+ 1/2-1/2

[Event "VII Open A"]
[Site "Genova ITA"]
[Date "2003.08.04"]
[Round "3"]
[White "Shytaj, Luca"]
[Black "Sale, Srdjan"]
[Result "0-1"]
[WhiteElo "2336"]
[BlackElo "2420"]
[PlyCount "102"]
[EventDate "2003.08.02"]

1. e4 c5 2. Nf3 Nc6 3. Nc3 g6 4. d4 cxd4 5. Nxd4 Bg7 6. Be3 Nf6 7. Bc4 O-O 8.
Bb3 d6 9. h3 Bd7 10. O-O Qa5 11. Nde2 Rac8 12. Qd2 Rfd8 13. f4 b5 14. a3 Qa6
15. Rad1 Na5 16. Bd4 Nxb3 17. cxb3 e6 18. Qe3 Bc6 19. b4 Qb7 20. Ng3 a6 21. Rf2
e5 22. Bb6 Rd7 23. fxe5 dxe5 24. Rfd2 h5 25. Rxd7 Nxd7 26. Bc5 Nf6 27. Re1 Rd8
28. Nf1 Kh7 29. Qg5 Rd3 30. Bf8 Bxf8 31. Qxf6 Bg7 32. Qf2 Qd7 33. Re2 Qd4 34.
Nd2 Bh6 35. Nf3 Qxf2+ 36. Kxf2 f6 37. Ne1 Rd6 38. Nc2 Kg7 39. Ne3 Bxe3+ 40.
Rxe3 h4 41. Ke2 Rd4 42. b3 Kf7 43. Kf2 Ke6 44. g3 Rd2+ 45. Ne2 hxg3+ 46. Rxg3
Bxe4 47. Ke3 Rc2 48. Nd4+ exd4+ 49. Kxe4 Rc3 50. Rxg6 Rxh3 51. Kxd4 Rxb3 0-1

[Event "VII Open A"]
[Site "Genova ITA"]
[Date "2003.08.04"]
[Round "4"]
[White "Fraser-Mitchell, Jeremy N."]
[Black "Jones, Gawain C.B."]
[Result "1/2-1/2"]
[WhiteElo "2063"]
[BlackElo "2347"]
[PlyCount "90"]
[EventDate "2003.08.02"]

1. d4 Nf6 2. c4 c5 3. d5 b5 4. cxb5 a6 5. Nc3 axb5 6. e4 b4 7. Nb5 d6 8. Bc4
Nbd7 9. Nf3 Nb6 10. Bd3 Ba6 11. Qe2 Qc8 12. b3 c4 13. Bxc4 Nxc4 14. Qxc4 Qxc4
15. bxc4 Bxb5 16. cxb5 Nxe4 17. Rb1 Nc3 18. Rxb4 Nxd5 19. Rb2 g6 20. O-O Bg7
21. Rc2 Nb4 22. Rc4 Nxa2 23. Bd2 O-O 24. b6 Rac8 25. Ra4 Nc3 26. Ra7 Rb8 27.
Rxe7 Rxb6 28. g3 d5 29. Rd7 d4 30. Re1 Rb4 31. Bf4 Nb5 32. Rb7 Rb3 33. Nd2 Rb2
34. Nc4 Rc2 35. Ne5 Nc3 36. Kf1 Nd5 37. Rd7 Nxf4 38. gxf4 Rd2 39. Re4 Rd1+ 40.
Kg2 Re8 41. Rxf7 g5 42. fxg5 d3 43. Rd7 d2 44. f4 Re1 45. Red4 Bxe5 1/2-1/2

[Event "VII Open A"]
[Site "Genova ITA"]
[Date "2003.08.04"]
[Round "4"]
[White "Frugoli, Francesco"]
[Black "Guido, Flavio"]
[Result "0-1"]
[WhiteElo "2009"]
[BlackElo "2332"]
[PlyCount "92"]
[EventDate "2003.08.02"]

1. e4 c5 2. Nf3 e6 3. d3 d5 4. Nbd2 Nc6 5. g3 g6 6. Bg2 Bg7 7. O-O Nge7 8. Re1
h6 9. Qe2 O-O 10. Nf1 e5 11. exd5 Nxd5 12. Ne3 Be6 13. Nc4 Re8 14. c3 Qd7 15.
Ne3 Rad8 16. Nxd5 Bxd5 17. Be3 b6 18. Qc2 Ne7 19. Rad1 Nf5 20. Bc1 Qb7 21. Qe2
Bxa2 22. Nh4 Qc8 23. Nxf5 Qxf5 24. Be4 Qd7 25. c4 Bb3 26. Rd2 Ba4 27. Qf3 Re6
28. h4 h5 29. Bd5 Rd6 30. Re4 Bc6 31. g4 Bxd5 32. cxd5 Rxd5 33. d4 exd4 34. Rd1
hxg4 35. Rxg4 Rf5 36. Qh3 Re8 37. Bg5 Re2 38. Rg2 Qd5 39. Qg3 Qe5 40. Qh3 Re1+
41. Rxe1 Qxe1+ 42. Kh2 Be5+ 43. f4 Bxf4+ 44. Bxf4 Rxf4 45. Qc8+ Kg7 46. Rxg6+
fxg6 0-1

[Event "VII Open A"]
[Site "Genova ITA"]
[Date "2003.08.04"]
[Round "4"]
[White "Godena, Michele"]
[Black "Esposito, Luca"]
[Result "1-0"]
[WhiteElo "2517"]
[BlackElo "2202"]
[PlyCount "35"]
[EventDate "2003.08.02"]

1. e4 c5 2. c3 e6 3. d4 d5 4. exd5 exd5 5. Nf3 Nc6 6. Bb5 Bd6 7. dxc5 Bxc5 8.
O-O Nge7 9. Nbd2 O-O 10. Nb3 Bd6 11. Bd3 Ne5 12. Nxe5 Bxe5 13. Bxh7+ Kxh7 14.
Qh5+ Kg8 15. Qxe5 Nc6 16. Qg3 Qf6 17. Be3 Bf5 18. Rad1 1-0

[Event "VII Open A"]
[Site "Genova ITA"]
[Date "2003.08.04"]
[Round "4"]
[White "Gromovs, Sergejs"]
[Black "Astengo, Marcello"]
[Result "1-0"]
[WhiteElo "2345"]
[BlackElo "2070"]
[PlyCount "49"]
[EventDate "2003.08.02"]

1. d4 d5 2. Nf3 Nf6 3. c4 c6 4. Nc3 e6 5. Bg5 h6 6. Bh4 dxc4 7. e4 g5 8. Bg3 b5
9. a3 Bb7 10. Be2 Nbd7 11. O-O a6 12. Ne5 c5 13. d5 exd5 14. exd5 Bg7 15. Nc6
Qb6 16. a4 bxa4 17. Bd6 Bf8 18. Nxa4 Qb3 19. Qe1 Ne4 20. Ra3 Qb5 21. b3 Bxc6
22. Bxc4 f5 23. Nc3 Qb4 24. dxc6 Qxa3 25. Nxe4 1-0

[Event "VII Open A"]
[Site "Genova ITA"]
[Date "2003.08.04"]
[Round "4"]
[White "Piscopo, Pierluigi"]
[Black "Abolianin, Arthur"]
[Result "1/2-1/2"]
[WhiteElo "2319"]
[BlackElo "2418"]
[PlyCount "57"]
[EventDate "2003.08.02"]

1. e4 c5 2. Nf3 Nc6 3. d4 cxd4 4. Nxd4 Nf6 5. Nc3 g6 6. Bc4 Bg7 7. Be3 d6 8. h3
O-O 9. Bb3 a6 10. O-O Na5 11. f4 Nxb3 12. axb3 b5 13. e5 dxe5 14. fxe5 Nd5 15.
Nxd5 Qxd5 16. Nf5 Qxd1 17. Nxe7+ Kh8 18. Raxd1 Bxe5 19. Bc5 Bb7 20. Rd7 Be4 21.
c3 f5 22. b4 Rf6 23. Rfd1 Re6 24. Rd8+ Rxd8 25. Rxd8+ Kg7 26. Rd7 Kh8 27. Rd8+
Kg7 28. Rd7 Kh8 29. Rd8+ 1/2-1/2

[Event "VII Open A"]
[Site "Genova ITA"]
[Date "2003.08.04"]
[Round "4"]
[White "Sale, Srdjan"]
[Black "Isonzo, David"]
[Result "1-0"]
[WhiteElo "2420"]
[BlackElo "2347"]
[PlyCount "75"]
[EventDate "2003.08.02"]

1. Nf3 Nf6 2. g3 d5 3. Bg2 e6 4. O-O Be7 5. d3 c5 6. Nbd2 Nc6 7. e4 Qc7 8. Re1
b6 9. a3 Bb7 10. c3 O-O-O 11. b4 dxe4 12. dxe4 Ne5 13. Nxe5 Qxe5 14. Qc2 Qc7
15. Qa4 Bc6 16. b5 Ba8 17. Nc4 Nd7 18. Bf4 e5 19. Be3 h5 20. Qc2 h4 21. a4 hxg3
22. hxg3 f5 23. a5 f4 24. gxf4 exf4 25. axb6 Nxb6 26. Nxb6+ Qxb6 27. Bxf4 Bd6
28. Ra6 Qb8 29. e5 Bxg2 30. Qf5+ Kb7 31. Kxg2 Bc7 32. Qe4+ Kc8 33. Rc6 g5 34.
Bg3 Rd7 35. e6 Re7 36. Bxc7 Rxc7 37. e7 Re8 38. Qg6 1-0

[Event "VII Open A"]
[Site "Genova ITA"]
[Date "2003.08.04"]
[Round "4"]
[White "Tayeb, Suhail"]
[Black "Lanzani, Mario"]
[Result "1/2-1/2"]
[WhiteElo "2241"]
[BlackElo "2355"]
[PlyCount "81"]
[EventDate "2003.08.02"]

1. e4 e5 2. Nf3 Nf6 3. Nxe5 d6 4. Nf3 Nxe4 5. d4 d5 6. Bd3 Bd6 7. c4 c6 8. Nc3
Nxc3 9. bxc3 dxc4 10. Bxc4 O-O 11. O-O Bg4 12. Be2 Nd7 13. Rb1 Qc7 14. h3 Bf5
15. Bd3 Bxd3 16. Qxd3 c5 17. Be3 b6 18. Rfd1 Nf6 19. c4 Rfe8 20. d5 Ne4 21. Re1
Bf4 22. Rbd1 Bxe3 23. Rxe3 Nd6 24. Ng5 g6 25. Ne4 Nxe4 26. Rxe4 Qd6 27. Rde1
Rxe4 28. Qxe4 a6 29. a4 Rd8 30. Rd1 h5 31. f4 Qd7 32. Qc2 b5 33. cxb5 axb5 34.
axb5 Qxb5 35. f5 Kh7 36. fxg6+ fxg6 37. d6 c4 38. Kh1 Qb3 39. Qxb3 cxb3 40. Rb1
Rxd6 41. Rxb3 1/2-1/2

[Event "VII Open A"]
[Site "Genova ITA"]
[Date "2003.08.04"]
[Round "4"]
[White "White, Kevin D."]
[Black "Battaggia, Piergiorgio"]
[Result "1-0"]
[WhiteElo "2037"]
[BlackElo "2110"]
[PlyCount "43"]
[EventDate "2003.08.02"]

1. e4 c5 2. Nf3 d6 3. d4 cxd4 4. Nxd4 Nf6 5. Nc3 a6 6. Bg5 e6 7. f4 Qb6 8. Qd2
Qxb2 9. Rb1 Qa3 10. e5 dxe5 11. fxe5 Nfd7 12. Ne4 Nxe5 13. Nb5 Nd3+ 14. Bxd3
axb5 15. Bxb5+ Nd7 16. O-O Bc5+ 17. Kh1 h6 18. Bh4 g5 19. Nf6+ Ke7 20. Nxd7 Qe3
21. Qxe3 Bxe3 22. Ne5 1-0

[Event "VII Open A"]
[Site "Genova ITA"]
[Date "2003.08.04"]
[Round "4"]
[White "Yahya, Mohamed Saleh"]
[Black "Djuric, Stefan"]
[Result "1/2-1/2"]
[WhiteElo "2095"]
[BlackElo "2488"]
[PlyCount "51"]
[EventDate "2003.08.02"]

1. d4 Nf6 2. c4 g6 3. Nc3 Bg7 4. e4 O-O 5. f3 c6 6. Be3 d5 7. e5 Ne8 8. cxd5
cxd5 9. Bd3 Nc6 10. Nge2 Nc7 11. Qd2 f6 12. f4 Bg4 13. h3 Bxe2 14. Nxe2 e6 15.
h4 Ne7 16. g4 f5 17. h5 fxg4 18. hxg6 hxg6 19. Ng3 Nf5 20. Qh2 Kf7 21. Nxf5
gxf5 22. Qh5+ Ke7 23. Qg5+ Kf7 24. Qh5+ Ke7 25. Qg5+ Kf7 26. Qh5+ 1/2-1/2

[Event "VII Open A"]
[Site "Genova ITA"]
[Date "2003.08.05"]
[Round "5"]
[White "Abolianin, Arthur"]
[Black "Durdevic, Radoslav"]
[Result "1-0"]
[WhiteElo "2418"]
[BlackElo "2114"]
[PlyCount "61"]
[EventDate "2003.08.02"]

1. Nf3 e6 2. c4 Be7 3. Nc3 d5 4. d4 c6 5. e4 dxe4 6. Nxe4 Nf6 7. Bd3 Nbd7 8.
Ng3 b6 9. O-O Bb7 10. Re1 Qc7 11. Bd2 g6 12. b4 h5 13. h3 h4 14. Ne2 Nh5 15.
Rc1 c5 16. d5 e5 17. Qa4 Kf8 18. Nc3 a6 19. Ne4 Ng7 20. bxc5 Bxc5 21. Nxc5 bxc5
22. Ba5 Qd6 23. Rb1 Ra7 24. Bc3 Rh5 25. Qa5 Ne8 26. Nxe5 Nxe5 27. Bxe5 Rxe5 28.
Rxe5 Qxe5 29. Qxc5+ Kg7 30. Qxa7 Bc8 31. Qe3 1-0

[Event "VII Open A"]
[Site "Genova ITA"]
[Date "2003.08.05"]
[Round "5"]
[White "Al Khaja, Arif"]
[Black "Boric, Muhamed"]
[Result "1/2-1/2"]
[WhiteElo "2094"]
[BlackElo "2410"]
[PlyCount "57"]
[EventDate "2003.08.02"]

1. d4 Nf6 2. c4 c5 3. d5 e6 4. Nc3 exd5 5. cxd5 d6 6. Nf3 g6 7. Bf4 a6 8. a4
Bg7 9. h3 O-O 10. e3 Re8 11. Nd2 Qc7 12. Be2 Nbd7 13. O-O Nb6 14. e4 Bd7 15.
Bh2 Nxa4 16. Nxa4 Nxe4 17. Bf3 Nxd2 18. Qxd2 f5 19. Nc3 b5 20. Rae1 b4 21. Nd1
a5 22. Rxe8+ Rxe8 23. Re1 c4 24. Rxe8+ Bxe8 25. Qe2 Bd7 26. Ne3 Bb5 27. Nd1 Bd7
28. Ne3 Bb5 29. Nd1 1/2-1/2

[Event "VII Open A"]
[Site "Genova ITA"]
[Date "2003.08.05"]
[Round "5"]
[White "Delizia, Costantino"]
[Black "Fraser-Mitchell, Jeremy N."]
[Result "1/2-1/2"]
[WhiteElo "2219"]
[BlackElo "2063"]
[PlyCount "42"]
[EventDate "2003.08.02"]

1. e4 e6 2. d4 d5 3. e5 c5 4. c3 Nc6 5. Nf3 Bd7 6. Be2 Nge7 7. Na3 cxd4 8. cxd4
Qb6 9. Nc2 Ng6 10. h4 Nb4 11. Nxb4 Bxb4+ 12. Kf1 Bb5 13. h5 Nf8 14. h6 g6 15.
Rh3 Nd7 16. Kg1 Bxe2 17. Qxe2 Be7 18. Bf4 O-O 19. Rd1 Rac8 20. Ne1 Rc6 21. Rhd3
Rfc8 1/2-1/2

[Event "VII Open A"]
[Site "Genova ITA"]
[Date "2003.08.05"]
[Round "5"]
[White "Djuric, Stefan"]
[Black "Leburgue, Sylvain"]
[Result "1-0"]
[WhiteElo "2488"]
[BlackElo "2087"]
[PlyCount "37"]
[EventDate "2003.08.02"]

1. e4 c5 2. Nf3 Nc6 3. c3 Nf6 4. d3 d6 5. g3 g6 6. Bg2 Bg7 7. O-O Rb8 8. d4
cxd4 9. cxd4 O-O 10. d5 Nb4 11. Nc3 Bg4 12. Be3 a5 13. Qd2 Nd7 14. Nd4 Ne5 15.
b3 Qc8 16. f4 Nd7 17. h3 e5 18. dxe6 Bxe6 19. f5 1-0

[Event "VII Open A"]
[Site "Genova ITA"]
[Date "2003.08.05"]
[Round "5"]
[White "Esposito, Luca"]
[Black "Shytaj, Carlo"]
[Result "1/2-1/2"]
[WhiteElo "2202"]
[BlackElo "2150"]
[PlyCount "105"]
[EventDate "2003.08.02"]

1. d4 Nf6 2. c4 e6 3. Nc3 Bb4 4. Qc2 O-O 5. a3 Bxc3+ 6. Qxc3 b6 7. Nf3 Ne4 8.
Qc2 Bb7 9. e3 d6 10. Be2 Nd7 11. O-O Qe7 12. b4 c5 13. Bb2 cxb4 14. axb4 Rfc8
15. Qb3 Ndf6 16. Rad1 d5 17. Ne5 dxc4 18. Bxc4 Bd5 19. b5 Rxc4 20. Nxc4 Nd6 21.
Ba3 Bxc4 22. Qxc4 Nxc4 23. Bxe7 Nd5 24. Rc1 Nd2 25. Rfd1 Ne4 26. Bh4 Ndc3 27.
f3 Ne2+ 28. Kf1 Nxc1 29. fxe4 Nb3 30. Rd3 Na5 31. d5 exd5 32. exd5 f6 33. Bg3
Rd8 34. Ke2 Nb7 35. e4 Nc5 36. Rd4 Kf7 37. Kf3 Ke7 38. e5 fxe5 39. Bxe5 g6 40.
Bg3 h6 41. Rd1 Kd7 42. Ra1 Ra8 43. Bf4 g5 44. Bg3 h5 45. Be5 Ke7 46. Ra3 a5 47.
bxa6 Nxa6 48. Rb3 Nc5 49. Rxb6 Ra3+ 50. Ke2 Ra2+ 51. Ke3 Nd7 52. Re6+ Kf7 53.
Bd6 1/2-1/2

[Event "VII Open A"]
[Site "Genova ITA"]
[Date "2003.08.05"]
[Round "5"]
[White "Fossati, Remigio"]
[Black "Di Lascio, Savino"]
[Result "1-0"]
[WhiteElo "2201"]
[BlackElo "2117"]
[PlyCount "39"]
[EventDate "2003.08.02"]

1. e4 c6 2. d4 d5 3. e5 Bf5 4. Nf3 e6 5. Be2 c5 6. O-O Nc6 7. c4 cxd4 8. Nxd4
Bxb1 9. Nxc6 bxc6 10. Rxb1 Qc7 11. cxd5 exd5 12. Bf4 Ne7 13. Qa4 Ng6 14. Bg3 h5
15. Rbc1 h4 16. Rxc6 Qd7 17. Bg4 hxg3 18. Bxd7+ Ke7 19. Qb4+ Kd8 20. Qb7 1-0

[Event "VII Open A"]
[Site "Genova ITA"]
[Date "2003.08.05"]
[Round "5"]
[White "Gentile, Claudio"]
[Black "Frugoli, Francesco"]
[Result "1-0"]
[WhiteElo "2158"]
[BlackElo "2009"]
[PlyCount "47"]
[EventDate "2003.08.02"]

1. d4 d5 2. c4 dxc4 3. e4 e5 4. Nf3 exd4 5. Bxc4 Bb4+ 6. Bd2 Bxd2+ 7. Nbxd2 Nc6
8. O-O Qf6 9. e5 Qg6 10. Qb3 Nh6 11. Bd3 Qh5 12. Be4 O-O 13. Bxc6 bxc6 14. Qc4
Be6 15. Qxd4 Rad8 16. Qc3 Nf5 17. Qxc6 g5 18. Ne4 Kh8 19. Nfxg5 Nd4 20. Qxc7
Rg8 21. Qe7 h6 22. Qf6+ Rg7 23. Qxd8+ Rg8 24. Qxg8+ 1-0

[Event "VII Open A"]
[Site "Genova ITA"]
[Date "2003.08.05"]
[Round "5"]
[White "Isonzo, David"]
[Black "Piscopo, Pierluigi"]
[Result "1-0"]
[WhiteElo "2347"]
[BlackElo "2319"]
[PlyCount "53"]
[EventDate "2003.08.02"]

1. e4 c5 2. Nf3 e6 3. d4 cxd4 4. Nxd4 Nf6 5. Nc3 Nc6 6. g3 Bb4 7. Bg2 d5 8.
exd5 Nxd5 9. O-O Bxc3 10. Nxc6 bxc6 11. bxc3 Ba6 12. Re1 O-O 13. c4 Nb6 14.
Bxc6 Rc8 15. Bb5 Bb7 16. Ba3 Nxc4 17. Bxc4 Rxc4 18. Bxf8 Rd4 19. Be7 Qd5 20. f3
h6 21. Qe2 Rd2 22. Qe3 Rxc2 23. Rf1 Rd2 24. Rf2 Rd3 25. Qc5 Rd1+ 26. Rxd1 Qxd1+
27. Kg2 1-0

[Event "VII Open A"]
[Site "Genova ITA"]
[Date "2003.08.05"]
[Round "5"]
[White "Milov, Vadim"]
[Black "Gromovs, Sergejs"]
[Result "1/2-1/2"]
[WhiteElo "2595"]
[BlackElo "2345"]
[PlyCount "150"]
[EventDate "2003.08.02"]

1. d4 Nf6 2. c4 c5 3. d5 e6 4. Nc3 exd5 5. cxd5 c4 6. Nf3 Qa5 7. e3 b5 8. Be2
b4 9. Nb1 Ba6 10. O-O Qxd5 11. Nd4 Nc6 12. a3 Bb7 13. Bf3 Qa5 14. Nxc6 Bxc6 15.
Bxc6 dxc6 16. Nd2 c3 17. Nc4 Qd5 18. Qe2 Rd8 19. axb4 Bxb4 20. bxc3 Bxc3 21.
Ra3 Bb4 22. Rxa7 O-O 23. Bb2 Ne4 24. h3 Bc3 25. Rc1 Bxb2 26. Qxb2 Qf5 27. Qe2
Rd5 28. Re7 Rfd8 29. Qf3 Qxf3 30. gxf3 Ng5 31. Kg2 Ne6 32. f4 Rc5 33. Ra7 g6
34. Ra5 Rdd5 35. Ra4 Kg7 36. Rb1 g5 37. fxg5 Rxg5+ 38. Kf1 Rh5 39. Nd6 Rcd5 40.
Rg4+ Rhg5 41. Ne4 Rg6 42. Ke2 Rh5 43. Rxg6+ hxg6 44. Rb7 Nc5 45. Nxc5 Rxc5 46.
f4 Kf6 47. Kf3 Ke6 48. h4 Rc1 49. Rc7 Rc2 50. Ke4 Rc4+ 51. Kd3 Rc5 52. Kd4 Rc2
53. Rc8 Kd6 54. Rd8+ Ke6 55. Rc8 Rc1 56. Kd3 Kf5 57. Kd2 Rc5 58. Rc7 f6 59. Ke2
Rc1 60. Kd2 Rc5 61. Ke2 Ke6 62. Kf3 Rc1 63. Rg7 Rh1 64. Rxg6 Rxh4 65. Rg7 f5
66. Rg6+ Kd5 67. Rg8 Rh3+ 68. Ke2 c5 69. Re8 Kc4 70. Re5 Rh5 71. Kf2 Kb4 72. e4
c4 73. Rxf5 Rxf5 74. exf5 Kc5 75. Ke3 Kd6 1/2-1/2

[Event "VII Open A"]
[Site "Genova ITA"]
[Date "2003.08.05"]
[Round "5"]
[White "Sale, Srdjan"]
[Black "Godena, Michele"]
[Result "1/2-1/2"]
[WhiteElo "2420"]
[BlackElo "2517"]
[PlyCount "41"]
[EventDate "2003.08.02"]

1. Nf3 d5 2. g3 Nc6 3. Bg2 e5 4. d3 Nf6 5. O-O Be7 6. Bg5 Be6 7. Nc3 h6 8. Bxf6
Bxf6 9. e4 dxe4 10. dxe4 Nd4 11. Nxd4 Qxd4 12. Nd5 Qxd1 13. Nxf6+ Ke7 14. Rfxd1
Kxf6 15. Kf1 h5 16. h4 g5 17. Bf3 gxh4 18. gxh4 Rag8 19. Ke2 Bg4 20. Rd3 Bxf3+
21. Kxf3 1/2-1/2

[Event "VII Open A"]
[Site "Genova ITA"]
[Date "2003.08.05"]
[Round "5"]
[White "Shytaj, Luca"]
[Black "Tayeb, Suhail"]
[Result "0-1"]
[WhiteElo "2336"]
[BlackElo "2241"]
[PlyCount "97"]
[EventDate "2003.08.02"]

1. e4 c5 2. Nf3 e6 3. d4 cxd4 4. Nxd4 Nf6 5. Nc3 Nc6 6. Be3 Bb4 7. Bd3 d5 8.
Nxc6 bxc6 9. e5 Nd7 10. Qg4 Bxc3+ 11. bxc3 g6 12. f4 Qa5 13. O-O Qxc3 14. Rab1
Ba6 15. Rb3 Qa5 16. Bxa6 Qxa6 17. f5 exf5 18. Qb4 c5 19. Bxc5 Nxc5 20. Qxc5 Rc8
21. Qb4 Rxc2 22. Ra3 Qc4 23. Qb8+ Qc8 24. Qb5+ Qd7 25. Qb4 Rc4 26. Qb8+ Rc8 27.
Qb4 Qe7 28. Qa4+ Kf8 29. Qxa7 Rc7 30. Qe3 Kg7 31. Ra5 Rd8 32. Rd1 Qe8 33. h4
Rc4 34. h5 f4 35. Qd2 Qxe5 36. hxg6 hxg6 37. Rxd5 Rxd5 38. Qxd5 Qxd5 39. Rxd5
Rc1+ 40. Kf2 Rc2+ 41. Kf3 Rxa2 42. Rb5 f6 43. Rb7+ Kh6 44. Rb6 Kg5 45. Rb5+ f5
46. Rb6 Ra3+ 47. Kf2 Kh5 48. Rf6 Re3 49. g4+ 0-1

[Event "VII Open A"]
[Site "Genova ITA"]
[Date "2003.08.06"]
[Round "6"]
[White "Boric, Muhamed"]
[Black "Battaggia, Piergiorgio"]
[Result "1-0"]
[WhiteElo "2410"]
[BlackElo "2110"]
[PlyCount "107"]
[EventDate "2003.08.02"]

1. c4 Nf6 2. Nf3 c6 3. d4 d5 4. Qc2 g6 5. Bf4 Bg7 6. e3 O-O 7. Nc3 Be6 8. Ng5
Bf5 9. Bd3 Bxd3 10. Qxd3 Nbd7 11. Nf3 dxc4 12. Qxc4 Rc8 13. b4 Nb6 14. Qb3 Nbd5
15. Be5 Nxc3 16. Qxc3 Qb6 17. Bxf6 Bxf6 18. O-O Rfd8 19. Rab1 Rd5 20. Rfc1 Rcd8
21. h3 a6 22. a4 R8d7 23. Qc2 R5d6 24. Nd2 Qd8 25. Ne4 Rd5 26. Nc5 Rc7 27. f4
e6 28. Kh1 Be7 29. Nd3 Rcd7 30. Ne5 R7d6 31. Qe2 Bf6 32. Nf3 Bg7 33. Rc4 f5 34.
Qc2 Qe8 35. g4 Rd8 36. Kg2 Qf7 37. Kg3 h6 38. Rc5 Qd7 39. b5 axb5 40. axb5 Rxc5
41. Qxc5 Rc8 42. Rc1 Bf8 43. Ne5 Bxc5 44. Nxd7 Bd6 45. Nb6 Rc7 46. bxc6 Rxc6
47. Rxc6 bxc6 48. Nc4 Bc7 49. Kf3 Kf7 50. Nb2 Kf6 51. Nd3 Bd6 52. e4 fxe4+ 53.
Kxe4 h5 54. Ne5 1-0

[Event "VII Open A"]
[Site "Genova ITA"]
[Date "2003.08.06"]
[Round "6"]
[White "Di Paolo, Raffaele"]
[Black "Corso, Sergio"]
[Result "1-0"]
[WhiteElo "2323"]
[BlackElo "2149"]
[PlyCount "65"]
[EventDate "2003.08.02"]

1. e4 c5 2. Nf3 e6 3. d4 cxd4 4. Nxd4 Nc6 5. Nc3 d6 6. Be3 Nf6 7. Bc4 Qc7 8.
Bb3 a6 9. O-O Na5 10. f4 Nc4 11. Bxc4 Qxc4 12. Qf3 e5 13. fxe5 dxe5 14. Nf5
Bxf5 15. Qxf5 Qe6 16. Rad1 Ng4 17. Nd5 Rc8 18. Bb6 Bc5+ 19. Bxc5 Rxc5 20. Qg5
O-O 21. h3 Rxd5 22. exd5 Qb6+ 23. Kh1 Nf2+ 24. Rxf2 Qxf2 25. Qxe5 Qxc2 26. Qd4
Rd8 27. d6 h6 28. Rd3 Qc6 29. a4 Rd7 30. a5 Kh7 31. Qe5 Kg8 32. Rg3 g6 33. Rc3
1-0

[Event "VII Open A"]
[Site "Genova ITA"]
[Date "2003.08.06"]
[Round "6"]
[White "Esposito, Luca"]
[Black "Stovring, Claus"]
[Result "0-1"]
[WhiteElo "2202"]
[BlackElo "2068"]
[PlyCount "90"]
[EventDate "2003.08.02"]

1. d4 Nf6 2. c4 g6 3. Nc3 Bg7 4. e4 d6 5. f3 O-O 6. Be3 Nc6 7. Nge2 a6 8. Qd2
Rb8 9. Rc1 Nd7 10. g3 e5 11. d5 Ne7 12. Bg2 b6 13. O-O f5 14. b4 Kh8 15. Na4
Nf6 16. h3 Bd7 17. Nb2 Neg8 18. c5 bxc5 19. bxc5 Bb5 20. Nc4 Bxc4 21. Rxc4 Nh5
22. g4 fxg4 23. fxg4 Rxf1+ 24. Bxf1 Nf4 25. Nxf4 exf4 26. Bxf4 Qf8 27. cxd6
cxd6 28. Rc6 Rb2 29. Qc1 g5 30. e5 Rxa2 31. Rc8 Qxf4 32. Qxf4 gxf4 33. exd6
Bd4+ 34. Kh1 Rf2 35. Bc4 Kg7 36. d7 Bb6 37. d6 Nf6 38. d8=Q Bxd8 39. Rxd8 Rc2
40. Bxa6 Ne4 41. d7 Rd2 42. Bc4 Kh6 43. Be6 f3 44. Rf8 Ng3+ 45. Kg1 Rg2# 0-1

[Event "VII Open A"]
[Site "Genova ITA"]
[Date "2003.08.06"]
[Round "6"]
[White "Gentile, Claudio"]
[Black "Jones, Gawain C.B."]
[Result "0-1"]
[WhiteElo "2158"]
[BlackElo "2347"]
[PlyCount "76"]
[EventDate "2003.08.02"]

1. e4 c5 2. Nf3 d6 3. d4 cxd4 4. Nxd4 Nf6 5. Nc3 g6 6. Be3 Bg7 7. f3 O-O 8. Qd2
Nc6 9. O-O-O d5 10. exd5 Nxd5 11. Nxc6 bxc6 12. Bd4 e5 13. Bc5 Be6 14. Bxf8
Qxf8 15. Nxd5 cxd5 16. Qa5 Rb8 17. Ba6 Rb6 18. Rhe1 Qb8 19. b3 Qc7 20. Qa4 Bd7
21. Qa3 Bf8 22. Qb2 Rxa6 23. Qxe5 Qxe5 24. Rxe5 Rxa2 25. Kb1 Ra6 26. Rexd5 Bf5
27. g4 Be6 28. Rd8 Kg7 29. c4 Be7 30. Re8 Bf6 31. h3 Ra1+ 32. Kc2 Ra2+ 33. Kd3
a5 34. Rc1 Rb2 35. Rb8 a4 36. Ra8 Rxb3+ 37. Ke2 a3 38. Rc2 Bd4 0-1

[Event "VII Open A"]
[Site "Genova ITA"]
[Date "2003.08.06"]
[Round "6"]
[White "Gromovs, Sergejs"]
[Black "Sale, Srdjan"]
[Result "0-1"]
[WhiteElo "2345"]
[BlackElo "2420"]
[PlyCount "56"]
[EventDate "2003.08.02"]

1. d4 Nf6 2. Nf3 g6 3. c4 Bg7 4. Nc3 O-O 5. e4 d6 6. Be2 e5 7. O-O Nc6 8. d5
Ne7 9. Ne1 Nd7 10. Be3 f5 11. f3 f4 12. Bf2 g5 13. Rc1 Ng6 14. b4 Rf7 15. c5
Nf6 16. Qc2 g4 17. cxd6 cxd6 18. Nb5 g3 19. hxg3 fxg3 20. Bxg3 Bh6 21. Rb1 Rg7
22. Rb3 Nh5 23. Bh2 a6 24. Na3 Bf4 25. Nc4 Bxh2+ 26. Kxh2 Ngf4 27. Ne3 Ng3 28.
Bd3 Nxf1+ 0-1